YAMAHA annual report 2003
Gespeichert in:
| Format: | Buch |
|---|---|
| Sprache: | Englisch |
| Veröffentlicht: |
Hamamatsu
Yamaha
2003
|
| Schlagworte: | |
| Tags: |
Keine Tags, Fügen Sie das erste Tag hinzu!
|
MARC
| LEADER | 00000nam$a2200000$$$4500 | ||
|---|---|---|---|
| 001 | 0024132 | ||
| 005 | 20240108123819.3 | ||
| 041 | 0 | |a eng | |
| 044 | |a JP | ||
| 245 | 1 | 0 | |a YAMAHA |b annual report 2003 |
| 264 | 1 | |a Hamamatsu |b Yamaha |c 2003 | |
| 300 | |a 47 s. | ||
| 610 | 2 | 0 | |a hudba |
| 610 | 2 | 0 | |a elektronika |
| 610 | 2 | 0 | |a prístroje |
| 610 | 2 | 0 | |a environmentalistika |
| 610 | 2 | 0 | |a financie |
| 610 | 2 | 0 | |a riadenie podnikové |
| 610 | 2 | 0 | |a manažéri |
| 610 | 2 | 0 | |a filiálky |
| 610 | 2 | 0 | |a Japonsko |